00355nam a2200133Ia 4500008004100000020002100041041000800062082002100070100002100091245003000112260005100142300000900193999001900202230519s9999 xx 000 0 und d a978-8123927-16-9 aeng aF/603/D'S/DB0890 aD'Souza Jacintha aCBS Dictionary For Nurses bCBS Publishers & DistributorsaNew Delhic2017 a837p c159495d159495